[Event "NRW Class2 0910"]
[Site "Germany"]
[Date "2010.03.21"]
[Round "8.2"]
[White "Bubolz, Holger"]
[Black "Gupta, Milon"]
[Result "0-1"]
[WhiteElo "2186"]
[BlackElo "2301"]
[PlyCount "176"]
[EventDate "2009.09.20"]
[EventType "team-tourn"]
[EventRounds "9"]
[EventCountry "GER"]
[SourceTitle "EXT 2011"]
[Source "ChessBase"]
[SourceDate "2010.11.26"]
[SourceVersion "1"]
[SourceVersionDate "2010.11.26"]
[SourceQuality "1"]
[WhiteTeam "Hagen"]
[BlackTeam "Solingen SG III"]
[WhiteTeamCountry "GER"]
[BlackTeamCountry "GER"]

1. c4 c6 2. Nf3 d5 3. b3 Bg4 4. e3 e5 5. h3 Bxf3 6. Qxf3 Nf6 7. Bb2 Bd6 8. cxd5 cxd5 9. Bb5+ Nbd7 10. Nc3 Qa5 11. a3 0-0-0 12. b4 Qb6 13. Rc1 Kb8 14. Bxd7 Rxd7 15. Nxd5 Qb5 16. Nxf6 gxf6 17. Qe2 Qd5 18. 0-0 Rg8 19. f3 Qb3 20. d4 Qe6 21. dxe5 fxe5 22. Rfd1 e4 23. f4 Qxh3 24. Rxd6 Rxd6 25. Be5 Qe6 26. Qc2 Ka8 27. Bxd6 Qxd6 28. Qxe4 Qd2 29. Rf1 f5 30. Qf3 Re8 31. Rd1 Qc3 32. e4 Qf6 33. e5 Qb6+ 34. Qf2 Qc6 35. Qd4 a6 36. Qd7 Qb6+ 37. Kf1 Rg8 38. Qd5 Rc8 39. Qd7 Rb8 40. Rd4 Qh6 41. Qd5 Rc8 42. Ke2 Qh1 43. b5 axb5 44. e6 Ka7 45. a4 Rc1 46. Rd3 Qf1+ 47. Ke3 Re1+ 48. Kd4 Qxf4+ 49. Kc3 Qc1+ 50. Kb4 Qb2+ 51. Rb3 Re4+ 52. Kxb5 Qe2+ 53. Qd3 Qf2 54. Qd6 Qe2+ 55. Qd3 Qxd3+ 56. Rxd3 Re5+ 57. Kb4 Rxe6 58. Rf3 Re4+ 59. Kb5 Re5+ 60. Kb4 h5 61. Rh3 Re4+ 62. Kb5 h4 63. Rf3 Re5+ 64. Kb4 Kb6 65. Kb3 Kc6 66. Rh3 Re4 67. Rc3+ Kd6 68. Rc8 Rg4 69. Rh8 Kc5 70. Rh5 Rg3+ 71. Kc2 Rxg2+ 72. Kc1 Kd6 73. Rxh4 Rg4 74. Rh7 Rxa4 75. Rxb7 Rd4 76. Kc2 Ke5 77. Kc3 Rd8 78. Rb4 f4 79. Rb7 Ke4 80. Re7+ Kf3 81. Kc2 Kf2 82. Re5 f3 83. Rf5 Ke2 84. Re5+ Kf1 85. Rf5 f2 86. Kc1 Rd4 87. Kc2 Ke2 88. Kc3 Re4 0-1

[Event "NRW Class2 0910"]
[Site "Germany"]
[Date "2009.10.25"]
[Round "2.2"]
[White "Rohde, Ulrich"]
[Black "Bubolz, Holger"]
[Result "1-0"]
[WhiteElo "2197"]
[BlackElo "2186"]
[PlyCount "127"]
[EventDate "2009.09.20"]
[EventType "team-tourn"]
[EventRounds "9"]
[EventCountry "GER"]
[SourceTitle "EXT 2011"]
[Source "ChessBase"]
[SourceDate "2010.11.26"]
[SourceVersion "1"]
[SourceVersionDate "2010.11.26"]
[SourceQuality "1"]
[WhiteTeam "Godesberg II"]
[BlackTeam "Hagen"]
[WhiteTeamCountry "GER"]
[BlackTeamCountry "GER"]

1. Nf3 d5 2. d4 Nf6 3. c4 e6 4. g3 c6 5. Bg2 Bb4+ 6. Bd2 Bd6 7. 0-0 0-0 8. Bg5 h6 9. Bxf6 Qxf6 10. Nbd2 Qd8 11. e4 dxc4 12. Nxc4 Bc7 13. Qc2 Nd7 14. Rfd1 Nb6 15. Nce5 Qe7 16. a4 a5 17. Rac1 Bd6 18. Qb3 Nd7 19. Nd3 Rd8 20. h4 Re8 21. e5 Bc7 22. Nc5 Nb6 23. Nd2 Nd5 24. Nc4 Rb8 25. Ne4 Rd8 26. Ncd6 Qf8 27. Nxc8 Rdxc8 28. Nc5 Qe7 29. Bxd5 exd5 30. Qf3 Bd8 31. Qg4 Kh8 32. Re1 Ra8 33. e6 f6 34. Nd7 Bc7 35. Re3 Re8 36. Qg6 Bd6 37. Rce1 Bb4 38. R1e2 Red8 39. Kg2 Re8 40. Rf3 Rg8 41. Rf5 Qe8 42. Rxf6 Qxg6 43. Rxg6 Rge8 44. h5 Re7 45. Ne5 Kh7 46. Nf3 Rf8 47. Nh4 c5 48. Re5 cxd4 49. Rxd5 Rfe8 50. Nf5 Rxe6 51. Rxg7+ Kh8 52. Rdd7 Bf8 53. Rh7+ Kg8 54. Nxd4 Re4 55. Rhf7 b6 56. b3 R8e5 57. Rf6 Re8 58. Rxb6 Bc5 59. Rg6+ Kf8 60. Rf6+ Kg8 61. Nf5 Bf8 62. Rg6+ Kh8 63. Nxh6 Be7 64. Nf7+ 1-0

[Event "NRW Class2 0607"]
[Site "Germany"]
[Date "2006.12.17"]
[Round "4.3"]
[White "Bubolz, Holger"]
[Black "Lupor, Stefan"]
[Result "0-1"]
[WhiteElo "2129"]
[BlackElo "2284"]
[PlyCount "40"]
[EventDate "2006.09.17"]
[EventType "tourn"]
[EventRounds "9"]
[EventCountry "GER"]
[SourceTitle "EXT 2008"]
[Source "ChessBase"]
[SourceDate "2007.11.25"]
[SourceVersion "1"]
[SourceVersionDate "2007.11.25"]
[SourceQuality "1"]
[WhiteTeam "Hagen"]
[BlackTeam "Duesseldorf"]
[WhiteTeamCountry "GER"]
[BlackTeamCountry "GER"]

1. c4 e5 2. Nc3 Nf6 3. g3 c6 4. d4 exd4 5. Qxd4 d5 6. e3 Na6 7. cxd5 Nb4 8. Qd1 Bf5 9. Bg2 Nc2+ 10. Kf1 Nxa1 11. e4 Bg4 12. f3 Bd7 13. Bg5 h6 14. Bf4 cxd5 15. exd5 Bc5 16. Qxa1 0-0 17. Nge2 Rc8 18. g4 Re8 19. Qb1 Qb6 20. h4 Bb5 0-1

[Event "NRW Class2 0304"]
[Site "Germany"]
[Date "2004.02.08"]
[Round "6.4"]
[White "Bubolz, Holger"]
[Black "Wagner, Alexej"]
[Result "1/2-1/2"]
[WhiteElo "2068"]
[BlackElo "2241"]
[PlyCount "45"]
[EventDate "2003.09.28"]
[EventType "team-tourn"]
[EventRounds "9"]
[EventCountry "GER"]
[SourceTitle "CBM 098 Extra"]
[Source "ChessBase"]
[SourceDate "2004.03.10"]
[SourceVersion "2"]
[SourceVersionDate "2004.03.10"]
[SourceQuality "1"]
[WhiteTeam "Hagen"]
[BlackTeam "Lippstadt Turm"]
[WhiteTeamCountry "GER"]
[BlackTeamCountry "GER"]

1. c4 Nf6 2. g3 e6 3. Nf3 d5 4. b3 Be7 5. Bg2 0-0 6. 0-0 c5 7. d3 Nc6 8. e3 b6 9. Bb2 Bb7 10. Qe2 Qc7 11. Nc3 Rad8 12. Rfd1 Rd7 13. cxd5 Nxd5 14. Nxd5 Rxd5 15. d4 cxd4 16. Nxd4 Nxd4 17. Bxd4 Ra5 18. Rac1 Qb8 19. Bc3 Rc5 20. Bd4 Rxc1 21. Rxc1 Bxg2 22. Kxg2 Rc8 23. Rxc8+ 1/2-1/2